000
00235nam a22000977a 4500
008
160512b xxu||||| |||| 00| 0 eng d
041
_a
eng
080
_a
577
245
_a
Biokimia: ne praktiken klinike:
_c
Klement Shteto:
942
_2
udc
_c
BK
999
_c
2097
_d
2097